Regimento interno (Record no. 144421)

MARC details
000 -LÍDER
campo de controle de tamanho fixo 00420 a2200157 4500
001 - NÚMERO DE CONTROLE
campo de controle 144421
040 ## - FONTE DA CATALOGAÇÃO
Instituição que transcreveu o registro Leonardo Da Vinci
041 ## - CÓDIGO DE IDIOMA
Código do idioma do texto/trilha sonora ou título diferente Português
082 ## - CDD - CLASSIFICAÇÃO DECIMAL DE DEWEY
Número de Classificação 371.02 F128r
Número do exemplar F128r
100 ## - ENTRADA PRINCIPAL--NOME PESSOAL
Nome pessoal FACULDADE INSTITUTO PAULISTA DE ENSINO
245 ## - TÍTULO
Título Regimento interno
Restante do título Instituto Paulista de Ensino
260 ## - PUBLICAÇÃO, DISTRIBUIÇÃO, ETC.
Data da publicação, distribuição, etc. 2012
Local de publicação, distribuição, etc. Osasco
362 ## - DATAS DE PUBLICAÇÃO E/OU DESIGNAÇÃO SEQUENCIAL
Datas de publicação e/ou designação sequencial 20120000
697 ## - ENTRADA DE ASSUNTO LOCAL--ENTIDADE COLETIVA (RLIN)
Nome corporativo ou nome da jurisdição Regimento interno
-- Regulamentos
-- FIPEN
942 ## - ELEMENTOS DE ENTRADA ADICIONADOS (KOHA)
Tipo de material Koha Livros
Holdings
Situação do descarte Situação das perdas Situação física Não pode ser emprestado Biblioteca de origem Biblioteca atual Data de aquisição Total de empréstimos Número de chamada completo Código de barras Data de último acesso Data do preço efetivo Tipo de material Koha
        Leonardo Da Vinci - Osasco Leonardo Da Vinci - Osasco 27/03/2024   371.02 F128r O015378 27/03/2024 27/03/2024 Livros